| 000 | 00000nas 2200000za 4500 |
| 001 | 9.501541 |
| 003 | CaOODSP |
| 005 | 20200325121837 |
| 007 | cr ||||||||||| |
| 008 | 150406d19981998xxc|| m o||||f| |0fre|d |
| 040 | |aCaOODSP|bfre |
| 043 | |an-cn--- |
| 086 | 1 |aFo46-17F-PDF |
| 110 | 1 |aCanada.|bRessources naturelles Canada. |bService canadien des forêts. |
| 245 | 10|aRapport d'information. [Série BC-X] / |h[ressource électronique]|cPublié par le Centre de foresterie du Pacifique. |
| 260 | |aVictoria - Colombie Britannique : |bRessources naturelles Canada. |
| 310 | |aIrrégulier |
| 520 | 3 |aCette série de rapports techniques fournit de l’information liée à la foresterie. On y traite entre autres de l’utilisation d’une méthode de reconnaissance individuelle des cimes d’arbres afin d’extraire l’information forestière à partir d’images à haute résolution spatiale, de la structure de peuplement et de la composition taxinomique dans l’île de Vancouver ainsi que de l’impact potentiel des ravageurs forestiers exotiques en Amérique du Nord. |
| 546 | |a(Abstract in English.) |
| 691 | 07|aGestion forestière|2gcpds |
| 691 | 07|aProvinces de l'Ouest|2gcpds |
| 775 | 08|tInformation report. [BC-X series] / |w(CaOODSP)9.505141 |
| 776 | 0#|tRapport d'information. [Série BC-X] / |w(CaOODSP)9.513036 |